| 000 | 00628nam a2200205 a 4500 | ||
|---|---|---|---|
| 005 | 20220809152524.0 | ||
| 008 | 991125s1981 mad 000 0 spa u | ||
| 020 | _a8428310912 | ||
| 035 | _aUPN01000005849 | ||
| 049 | _aCG | ||
| 050 | 4 | _aQP34.5 M3.2 | |
| 100 | 1 | _aMartínez Costa, José | |
| 245 | 1 | 0 |
_aBiología, personalidad y conducta : _bde la biología a la educación / _cJosé Martínez Costa |
| 260 |
_aMadrid : _bParaninfo, _c1981 |
||
| 300 | _a577 p. | ||
| 650 | 4 |
_aBIOLOGIA HUMANA _94938 |
|
| 650 | 4 |
_aCONDUCTA (PSICOLOGIA) - _xINVESTIGACION _99968 |
|
| 650 | 4 |
_aTeorías de la personalidad _920365 |
|
| 905 | _aLibro | ||
| 999 |
_c5849 _d5849 |
||